| 000 | 00551nam a2200193 a 4500 | ||
|---|---|---|---|
| 001 | 13867 | ||
| 003 | CO-ViMGA | ||
| 008 | 141112s2004 ck r 000 u spa d | ||
| 020 | _a8480131136 | ||
| 040 |
_aCO-ViMGA _bspa _cCO-ViMGA |
||
| 082 | 0 | 4 | _a797.23 C653e |
| 100 | 1 |
_aConde, P; Peral P., Francisco L.; Mateo T., Luisa _920217 |
|
| 245 | 1 | 0 | _aeducación infantil en el medio acuatico |
| 260 |
_aMadrid : _bGymnos, _c1997 |
||
| 300 | _a203 | ||
| 590 | _aForma de adquisición : Compra | ||
| 650 | 1 | 4 |
_aNATACION - ENSEÑANZA _950358 |
| 942 |
_2ddc _cBK |
||
| 999 |
_c24569 _d24569 |
||